| 000 | 00908nam a2200229 a 4500 | ||
|---|---|---|---|
| 001 | 000042005 | ||
| 005 | 20201002035859.0 | ||
| 008 | 131029s2003 sp a 000 0 spa d | ||
| 020 | _a8400081404 | ||
| 040 |
_aDO-SdBNP _bspa _cBNPHU |
||
| 082 | _axxx | ||
| 100 | 1 |
_aRomero, Elena, _d1942- _968947 |
|
| 245 | 1 | 0 |
_aSeis coplas sefardíes de «Castiguerio» de Hayim Yom-tob Magula : _bedición crítica y estudio Elena Romero, con la colaboración de Carmen Valentín. |
| 260 |
_aMadrid : _bConsejo Superior de Investigaciones Cientificas, _c2003. |
||
| 300 |
_a332 p. : _bil. ; _c24 cm. |
||
| 490 | 1 |
_aPublicaciones de estudios sefardíes _v8 |
|
| 500 | _aIncluye referencias bibliográficas y notas al pie de las páginas | ||
| 504 | _aBibliografía : p. 13-16 | ||
| 700 | 1 | 2 |
_aMagula, Hayim Yom-Tob _968948 |
| 700 | 1 | 2 |
_aValentín, Carmen _968949 |
| 830 | 0 |
_aPublicaciones de estudios sefardíes _n8 _968950 |
|
| 999 |
_c41494 _d41494 |
||